| 000 | 00882nam a22002297a 4500 | ||
|---|---|---|---|
| 005 | 20240530110542.0 | ||
| 008 | 160515s2013 ua g 000 0 ara d | ||
| 017 |
_a2013/7/2693 _bالكويت . دائرة المكتبة الوطنية |
||
| 020 | _a9789957172091 | ||
| 040 | _aEG-CaGPL | ||
| 082 | 0 | 4 |
_221 _a371.207\ _bز ت |
| 100 | 0 | _aزينب على الجبر . | |
| 245 | 1 | 2 |
_aالتخطيط المدرسى : _bمفاهيم و اسس و تطبيقات / _cتاليف زينب على الجبر . |
| 250 | _aط.1 | ||
| 260 |
_aالكويت : _bمكتبة الفلاح للنشر و التوزيع ، _c2013 . |
||
| 300 |
_a263 ص ؛ _c24 سم . |
||
| 650 | 0 | 4 |
_aالمدارس _xتنظيم و ادارة . |
| 650 | 0 | 4 | _aالتخطيط المدرسى . |
| 650 | 0 | 4 |
_aالتعليم . _xتخطيط . |
| 942 |
_2ddc _cBK |
||
| 999 |
_c62284 _d62284 |
||